000 00655nam a2200181Ia 4500
008 100920s9999 xx 000 0 und d
082 _b106428
_a891.43 न 09
100 _aभाटीया सुदर्शन.
245 _aअविष्कार और अविष्कारक.
260 _bराही प्रकाशन,दिल्ली.
_c2009
300 _a112
_bसाधी
365 _b150
520 _aहिंदी.
630 _aअविष्कार और अविष्कारक.
650 _aहिंदी.
730 _aअविष्कार और अविष्कारक.
942 _cBOOK
999 _c746859
_d746856